| Tag |
First Indicator |
Second Indicator |
Subfields |
| LEADER |
00000cam a2200000 4500 |
| 001 |
in00001937708 |
| 006 |
m | d | |
| 007 |
cr |n||||||||n |
| 008 |
791208s1774 enk|||| s 00||||eng d |
| 005 |
20260403175635.3 |
| 035 |
|
|
|a (CStRLIN)ESTCT77098
|
| 040 |
|
|
|a Uk-ES
|c Uk-ES
|d CStRLIN
|d Thomson Gale
|d UtOrBLW
|
| 100 |
1 |
|
|a Young, Edward,
|d 1683-1765.
|
| 243 |
1 |
0 |
|a Works
|
| 245 |
1 |
4 |
|a The works :
|b of the Reverend Edward Young, L.L.D. ... In four volumes.
|
| 264 |
|
3 |
|a London :
|b printed for P. Brown, H. Hill, and S. Bayne,
|c 1774.
|
| 300 |
|
|
|a 4 volumes,plate :
|b portrait ;
|c 12⁰.
|
| 336 |
|
|
|a text
|b txt
|2 rdacontent
|
| 337 |
|
|
|a computer
|b c
|2 rdamedia
|
| 338 |
|
|
|a online resource
|b cr
|2 rdacarrier
|
| 500 |
|
|
|a The imprint is fictitious; printed in Scotland.
|
| 500 |
|
|
|a Reproduction of original from the British Library.
|
| 510 |
4 |
|
|a English Short Title Catalog,
|c ESTCT77098.
|
| 533 |
|
|
|a Electronic reproduction.
|b Farmington Hills, Mich. :
|c Thomson Gale,
|d 2003.
|n Available via the World Wide Web.
|n Access limited by licensing agreements
|7 s2003 miunns
|
| 500 |
|
|
|a Electronic resource.
|
| 830 |
|
0 |
|a Eighteenth century collections online.
|
| 856 |
4 |
0 |
|u http://proxy.library.tamu.edu/login?url=https://galenet.galegroup.com/servlet/ECCO?c=1&stp=Author&ste=11&af=BN&ae=T077098&tiPG=1&dd=0&dc=flc&docNum=CW112472393&vrsn=1.0&srchtp=a&d4=0.33&n=10&SU=0LRK&locID=txshracd2898
|z Full text online
|t 0
|
| 999 |
|
|
|a MARS
|
| 999 |
f |
f |
|s 4fba4c13-f92a-3d20-99e5-216600e21a2f
|i c335e652-0793-358e-9026-8fc706d0f619
|t 0
|
| 952 |
f |
f |
|a Texas A&M University
|b College Station
|c Electronic Resources
|s www_evans
|d Available Online
|t 0
|h No information provided
|
| 998 |
f |
f |
|t 0
|l Available Online
|